Fruit physilogy & production (Record no. 5134)

MARC details
000 -LEADER
fixed length control field 00392nam a22001697a 4500
005 - DATE AND TIME OF LATEST TRANSACTION
control field 20160702094219.0
008 - FIXED-LENGTH DATA ELEMENTS--GENERAL INFORMATION
fixed length control field 160702b xxu||||| |||| 00| 0 eng d
020 ## - INTERNATIONAL STANDARD BOOK NUMBER
ISBN 978-81-272-1178-8
041 ## - LANGUAGE CODE
Language code of text/sound track or separate title eng
082 ## - DEWEY DECIMAL CLASSIFICATION NUMBER
Item number 20810
100 ## - MAIN ENTRY--AUTHOR NAME
Personal name Singh Amar
245 ## - TITLE STATEMENT
Title Fruit physilogy & production
260 ## - PUBLICATION, DISTRIBUTION, ETC. (IMPRINT)
Name of publisher Kalyani
Year of publication 2012
300 ## - PHYSICAL DESCRIPTION
Number of Pages 488
650 ## - SUBJECT ADDED ENTRY--TOPICAL TERM
Topical Term Agriculture
942 ## - ADDED ENTRY ELEMENTS (KOHA)
Koha item type Books
Holdings
Lost status Damaged status Collection code Home library Current library Shelving location Date acquired Source of acquisition Cost, normal purchase price Full call number Accession Number Koha item type
    Reference JRU Library JRU Library SHELF-2-C 02/07/2016 PURCHASE 275.00 634 20810 Books
    AGRICULTURE JRU Library JRU Library SHELF-46-H 02/07/2016   275.00 20810 20811 Books
    AGRICULTURE JRU Library JRU Library SHELF-46-H 02/07/2016   275.00 20810 20812 Books
    AGRICULTURE JRU Library JRU Library SHELF-46-H 02/07/2016   275.00 20810 20813 Books
    AGRICULTURE JRU Library JRU Library SHELF-46-H 02/07/2016   275.00 20810 20814 Books